Normal view
MARC view
- الفيضي، محمد بشار
Entry Personal Name
001 - CONTROL NUMBER
- control field: 64093
003 - CONTROL NUMBER IDENTIFIER
- control field: JO-AjAnu
005 - DATE AND TIME OF LATEST TRANSACTION
- control field: 20230606084446.0
008 - FIXED-LENGTH DATA ELEMENTS
- fixed length control field: 230606|| aca||aabn | a|a d
040 ## - CATALOGING SOURCE
- Original cataloging agency: JO-AjAnu
- Transcribing agency: JO-AjAnu
100 ## - HEADING--PERSONAL NAME
- Personal name: الفيضي، محمد بشار
670 ## - SOURCE DATA FOUND
- Source citation: Work cat.: (JO-AjAnu)32675: الفيضي، محمد بشار, author, السراب - حصاد العملية السياسية في ظل الاحتلال الامريكي للعراق 2005-2010م